Central Library OPAC University of Rajshahi
Normal view MARC view

Entry Personal Name

Number of records used in: 2

001 - CONTROL NUMBER

  • control field: 2885

003 - CONTROL NUMBER IDENTIFIER

  • control field: BD-RjUL

005 - DATE AND TIME OF LATEST TRANSACTION

  • control field: 20220510115640.0

008 - FIXED-LENGTH DATA ELEMENTS

  • fixed length control field: 220510|| aca||aabn | a|a d

040 ## - CATALOGING SOURCE

  • Original cataloging agency: BD-RjUL
  • Transcribing agency: BD-RjUL

100 ## - HEADING--PERSONAL NAME

  • Fuller form of name:

670 ## - SOURCE DATA FOUND

  • Source citation: Work cat.: (BD-RjUL)79371: Begum, Mosammat Shamim Ara 1308, Interpersonal Attraction Between Teachers and students as a Function of need, value and Personality Factors /, 2005